| 000 | 00449 a2200169 4500 | ||
|---|---|---|---|
| 999 |
_c438923 _d438923 |
||
| 003 | NUST | ||
| 008 | 191016b ||||| |||| 00| 0 eng d | ||
| 020 | _a9693501306 | ||
| 024 | _a978-9693501308 | ||
| 038 | _aMSOHAIL | ||
| 082 | _a891.4393 SHA | ||
| 100 |
_aAbdul Haleem Sharar _93957 |
||
| 245 | _aFirdous-E-Bareen /فردوس بریں | ||
| 260 |
_aLahore _bSang-e-Meel _c2007 |
||
| 300 |
_a152,p. _c22cm _eH.B. |
||
| 942 |
_k891.4393 SHA _2ddc _cBK |
||